Migration and economy : global and local dynamics

Saved in:
Bibliographic Details
Other Authors: Trager, Lillian 1947- (Editor)
Format: Book
Language:English
Published: Lanham, MD : AltaMira Press, c2005
Series:Society for economic anthropology monographs ; ; 22
Subjects:
Tags: Add Tag
No Tags, Be the first to tag this record!

MARC

LEADER 00000nam a2200000 i 4500
001 1/50923
008 140704s2005 eng d
020 |a 978-0-7591-0775-5 
020 |a 0-7591-0775-0 
035 |l 10118243 
040 |a GR-MY-UA  |b gre  |e aacr 
041 0 |a eng 
082 0 |a 331.544  |2 (23) 
245 1 0 |a Migration and economy :  |b global and local dynamics /  |c edited by Lillian Trager 
260 |a Lanham, MD :   |b AltaMira Press,   |c c2005 
300 |a ix, 332 σ.;  |b εικ.;  |c 24 εκ. 
490 1 |a Society for economic anthropology monographs  |v ; 22 
504 |a Περιλαμβάνει βιβλιογραφικές αναφορές και ευρετήριο 
505 0 |a http://www.loc.gov/catdir/toc/ecip0510/2005009247.html 
650 0 0 |a Emigration and immigration  |x Economic aspects. 
650 0 0 |a Migration, Internal  |x Economic aspects. 
700 1 |a Trager, Lillian  |d 1947-  |4 edt 
830 0 |a Society for economic anthropology monographs ;  |v ; 22 
852 |a INST  |b LESVOS  |e 20140704  |h 331.544 MIG  |p 005100054561  |q 005100054561  |t BK  |y 0 
901 |a BIBL1-2014-2 
909 |a Λ  |b 189969 
922 |a 1ΕΛΗ  |b 201406  |c ΤΚΑΙ  |d ΔΙΑΔΡΟΜΕΣ 
970 |a ΤΖΑΦΕΡΗ  |b ΕΥΑΓΓΕΛΙΑ  |z 2014/07/05